• 首页
  • 本馆介绍
  • 公告通知
  • 最新文献
  • 馆藏检索
  • 电子资源
  • 读者导购
  • 参考咨询
  • 我的图书馆
  • 登录
  • 详细信息显示
  • 放入我的书架
  • 预约/预借图书
  • 作者相关作品
  • 分类相关作品
  • 丛书相关作品
  • 出版社相关作品

书目信息

  • 表格格式
  • 工作单格式
  • 卡片格式
题名:
地中海奇迹——古希腊
    
 
作者: 李伟智 著
分册:  
出版信息: 北京   中国环境科学出版社  2006
页数: 209页
开本: 20cm
丛书名: 正说世界
单 册:
中图分类: K125
科图分类:
主题词: 世界史--普及读物 , 世界史:古代史 , 奴隶制城邦
电子资源:
ISBN: 7-80135-706-X
000 00727nam0 2200253 45
001 012000045517
005 20061219105812.50
010    @a7-80135-706-X@dCNY28.00
100    @a20001016d2006 em y0chiy0120 ea
101 0  @achi
102    @aCN@b110000
105    @ay z 000yy
200 1  @a地中海奇迹——古希腊@ADi Zhong Hai Qi Ji—— Gu Xi La@f李伟智著@FLi Wei Zhi Zhu
210    @a北京@c中国环境科学出版社@c学苑音像出版社@d2006
215    @a209页@c插图@d20cm
225    @a正说世界
410    @12001 @a正说世界
606    @a世界史@x普及读物
606 0  @a世界史:古代史
606 0  @a奴隶制城邦
690    @aK125@v4
701  0 @a李伟智@ALi Wei Zhi@4著
801  0 @aCN@b中图数据@c20061219
905    @a10447@dK125@e152
    
    地中海奇迹——古希腊/李伟智著.-北京:中国环境科学出版社:学苑音像出版社,2006
    209页:插图;20cm.-(正说世界)
    
    
    ISBN 7-80135-706-X:CNY28.00
    
●
相关链接 在E读中查询图书 在五车中查询图书 在当当中查询图书 在豆瓣中查询图书


正题名:地中海奇迹——古希腊     索取号:K125/152         预约/预借

序号 登录号 条形码 馆藏地/架位号 状态 备注
1 0620502   206205024   第二样本阅览室/ [索取号:K125/152] 在馆    
2 0620503   206205033   第二借阅区/ [索取号:K125/152] 在馆    
3 0620504   206205042   第二借阅区/ [索取号:K125/152] 在馆    
4 0620505   206205051   第二借阅区/ [索取号:K125/152] 在馆    
5 0620506   206205060   第二借阅区/ [索取号:K125/152] 在馆    
6 0620507   206205079   第二借阅区/ [索取号:K125/152] 在馆    
唐山师范学院图书馆 欢迎您!
大连网信软件有限公司© 版权所有